Welcome to the Holygrace Academy Library

Please use search bar below to get started

THE GRAND DESIGN (Record no. 5317)

MARC details
000 -LEADER
fixed length control field 00296nam a22001337a 4500
020 ## - INTERNATIONAL STANDARD BOOK NUMBER
ISBN 978-0-593-05830-5
082 ## - DEWEY DECIMAL CLASSIFICATION NUMBER
Classification number 001
Item number HAW/G
100 ## - MAIN ENTRY--AUTHOR NAME
Personal name HAWKING, STEPHEN
245 ## - TITLE STATEMENT
Title THE GRAND DESIGN
260 ## - PUBLICATION, DISTRIBUTION, ETC. (IMPRINT)
Place of publication UK
Name of publisher BANTAM PRESS
300 ## - PHYSICAL DESCRIPTION
Number of Pages 199
650 ## - SUBJECT ADDED ENTRY--TOPICAL TERM
Topical Term PERSONALITY DEVELOPMENT
Geographic subdivision UK
942 ## - ADDED ENTRY ELEMENTS (KOHA)
Koha item type Books
Holdings
Withdrawn status Lost status Collection code Home library Current library Shelving location Date acquired Source of acquisition Full call number Accession Number Koha item type
    Reference Main Library Main Library SHELF-17H-PERSONALITY DEVELOPMENT BOOKS 03/12/2013 PURCHASE 001 HAW/G 07573 Books